000 00558nam a2200205Ia 4500
001 13740
003 GE_BSU
008 181216s||||||||xx |||||||||||||| ||und||
040 _cGE_BSU
080 _a821.353.1-32
100 _aჩხეიძე,ბორის
245 _aმოთხრობები
245 _cრედ.ი.ლისაშვილი
260 _aთბილისი
260 _bფედერაცია
260 _c1940
300 _a146გვ.16სმ.
653 _aმოთხრობები
942 _cBK
999 _c46887
_d46887